000 00448nam a2200181Ia 4500
001 9284
005 20260306161707.0
008 260306t2009||||xx |||||||||||||| ||spa||
041 _aESP
082 _a378.07
_bH39
100 _aHendershott, Anne
_eAUT
245 0 _aStatus envy:
_bthe politics of catholic higher education
260 _c2009
300 _a249 páginas :
_c23 cm.
650 _aGEN
654 _aCED
942 _cLIB
_dJUS
_fJUS
_2ddc
_n
999 _c9284
_d9284